| 000 | 00000nam 2200000zi 4500 |
| 001 | 9.938269 |
| 003 | CaOODSP |
| 005 | 20250829145634 |
| 006 | m o d f |
| 007 | cr cn||||||||| |
| 008 | 240514t20242024oncd os f000 0 eng d |
| 020 | |z9780660695556 |
| 040 | |aCaOODSP|beng|erda|cCaOODSP |
| 043 | |an-cn--- |
| 086 | 1 |aT94-54/2024-1E-PDF|zTR4-54/2024E-PDF |
| 245 | 00|aEveryone counts 2020-2022 : |bpreliminary highlights report. |
| 264 | 1|aOttawa, Ontario : |bInfrastructure Canada, |c[2024] |
| 264 | 4|c©2024 |
| 300 | |a1 online resource (7 unnumbered pages) : |bgraphs |
| 336 | |atext|btxt|2rdacontent |
| 337 | |acomputer|bc|2rdamedia |
| 338 | |aonline resource|bcr|2rdacarrier |
| 500 | |aCover title. |
| 500 | |aIssued also in French under title: Tout le monde compte 2020-2022 : rapport préliminaire sur les faits saillants. |
| 500 | |aIncorrect catalogue number (TR4-54/2024E-PDF) and ISBN (9780660695556) printed in this publication. |
| 520 | |a"Point-in-Time (PiT) Counts provide a one-day snapshot of homelessness in a community, including people experiencing homelessness in shelters, unsheltered locations, and transitional housing. They can also include people experiencing homelessness who are in health or correctional facilities or who are staying with others because they have no access to a permanent residence"--Introduction. |
| 650 | 0|aHomeless persons|zCanada|xStatistics. |
| 655 | 7|aStatistics|2lcgft |
| 710 | 1 |aCanada. |bInfrastructure Canada, |eissuing body. |
| 775 | 08|tTout le monde compte 2020-2022 : |w(CaOODSP)9.938271 |
| 794 | |tEveryone counts 2024 : |b2025|w(CaOODSP)9.948825 |
| 856 | 40|qPDF|s279 KB|uhttps://publications.gc.ca/collections/collection_2024/infc/T94-54-2024-1-eng.pdf |
| 856 | 4 |qHTML|sN/A|uhttps://www.infrastructure.gc.ca/homelessness-sans-abri/reports-rapports/pit-counts-dp-2020-2022-highlights-eng.html |